| 000 | 00485nam a2200169 i 4500 | ||
|---|---|---|---|
| 001 | 75256 | ||
| 003 | ES-MaACL | ||
| 005 | 20230929062529.0 | ||
| 007 | t| | ||
| 008 | 040923s1908 sp ||||1| spa d | ||
| 245 | 0 | 0 |
_aGramática de la lengua castellana / _cpor la Real Academia Española. |
| 260 |
_aMadrid : _bPerlado, Pèz y Compañía, _c1908. |
||
| 300 |
_a414 p. ; _c22 cm. |
||
| 710 | 2 |
_aReal Academia Española _96336 |
|
| 852 |
_aES-MaACL _jB-5208 |
||
| 999 |
_c75256 _d75256 |
||